Aktívne za demokraciu Predstavitelia Tretieho sektora na V. stupavskej konferencii

Bibliographic Details
Main Author: Pittnerová, Žaneta (Author)
Format: Article
Language:Slovak
Subjects:

MARC

LEADER 00000nab a2200000 a 4500
001 vtls000896386
003 SK-MaSNL
005 20260302175347.0
008 040720e19971029xo 0 slo
035 |a KE5411 
040 |a KEVKJB  |b slo  |c KEVKJB  |e AACR2 
041 0 |a slo 
044 |a xo  |c SK 
080 |a 061.2  |2 1981 
100 1 |a Pittnerová, Žaneta  |4 aut  |9 877619 
245 1 0 |a Aktívne za demokraciu  |b Predstavitelia Tretieho sektora na V. stupavskej konferencii 
611 1 7 |a Stupavská konferencia  |n 5.  |d 1997  |c Košice, Slovensko   |2 KEVKJB  |9 886721 
650 0 7 |a mimovládne organizácie  |2 KEVKJB  |9 194400 
650 0 7 |a neziskový sektor  |2 KEVKJB  |9 27057 
650 0 7 |a aktívne za demokraciu (konferencia)  |2 KEVKJB  |9 886727 
650 0 7 |a priebeh  |2 KEVKJB  |9 29559 
650 0 7 |a informácie  |2 KEVKJB  |9 1285 
651 7 |a Košice (Slovensko)  |2 KEVKJB  |9 18694 
651 7 |a KE,  |2 KEVKJB  |9 877256 
651 7 |a KE,  |2 KEVKJB  |9 877256 
655 7 |a periodikum  |2 snkbucl  |9 29553 
773 0 8 |t Košický večer  |g Roč. 8  |g Roč. 29, č.209, 29.10.1997, s. 1 
852 |a ZVYKNI  |b KIS3GCP 
999 |c 1406833  |d 1408763